00878cam a22002651a 450000100060000000300080000600500170001400800410003103500190007203500200009104000330011104100080014408200290015210000360018124500470021725000120026426000440027630000290032050000200034960000370036960000360040694200120044299900170045495201410047124116BD-RjUL20211209001018.0140312s1953 nyua 001 0beng  a(BD-RjUL)24182 a(OCoLC)13831047 aDLCcTxAmdDLCdBD-RjULbeng aeng04222a941.081092bEWS 19531 aEwen, David,d1907-1985.95970414aThe story of Jerome Kern /cby David Ewen. a1st ed. aNew York :bHenry Holt and Co.,cc1953. a148 p. :bill. ;c21 cm. aIncludes index.10aKern, Jerome,d1885-1945.97429710aKern, Jerome,d1885-1945974298 2ddccBK c24116d24116 00102ddc4072aRUCLbRUCLcReadingd1958-02-22eU.S.I.S Dhakag0.00l0o941.081092 EWS 1953r2014-03-12 00:00:00tC-1w2014-03-12yBK